00610nam a2200217Ia 4500003000400000005001700004008004100021020002100062040000700083041000800090082002300098100002800121245001000149260003100159300001200190650002700202906001000229942001200239999001900251952012200270OSt20230415112030.0210423s1985 xx 000 0 und d a9780-330-29216-0 cAL aeng a823.914 223bCOLL aCOLLINS (Jackie)988762 aLucky aLondonbPan Book Ltdc1985 a639bPB aEnglish Fiction988763 aLucky 2ddccBK c169982d169982 001040708GENaSACPGbSACPGd2019-03-25l1o823.914 COLLpPG016484r2022-08-24 00:00:00s2021-12-06w2021-04-26yBK